Nghiên cứu về ứng dụng công cụ quản lý chất lượng "Ngồi nhà chất lượng" trong quá trình thiết kế sản phẩm và quy trình công nghệ /

Enregistré dans:
Détails bibliographiques
Auteur principal: Trần Thị Bích Ngọc, TS.
Format: Article
Langue:Vietnamese
Sujets:
Tags: Ajouter un tag
Pas de tags, Soyez le premier à ajouter un tag!
Thư viện lưu trữ: Thư viện Trường Đại học Đà Lạt
LEADER 00911nam a2200265 4500
001 DLU120000821
005 ##20120802
040 # # |a DLU  |b vie 
041 # # |a vie 
044 # # |a vn 
100 # # |a Trần Thị Bích Ngọc,   |c TS. 
245 # # |a Nghiên cứu về ứng dụng công cụ quản lý chất lượng "Ngồi nhà chất lượng" trong quá trình thiết kế sản phẩm và quy trình công nghệ /  |a Trần Thị Bích Ngọc. 
653 # # |a Ứng dụng 
653 # # |a Khoa học công nghệ 
653 # # |a Quản lí chất lượng 
773 # # |t Kinh tế và phát triển  |g Số 3(153), 2010, tr. 28-33 
920 # # |a Phòng Tạp chí -- Trung tâm Thông tin - Thư viện Trường Đại học Đà Lạt 
994 # # |a DLU 
900 # # |a True 
911 # # |a Nguyễn Thị Linh Chi 
925 # # |a G 
926 # # |a A 
927 # # |a BB 
980 # # |a Thư viện Trường Đại học Đà Lạt